Evaluation of Selected Indicators of Health Care in the Context of Health care Systems: Case of 27 European Union Countries
Vybrané ukazovatele zdravotnej starostlivosti v krajinách EÚ s dôrazom na podobnosti a rozdiely medzi krajinami EÚ v kontexte systémov zdravotnej starostlivosti. Výrazné rozdiely medzi krajinami, pokiaľ ide o hodnotené faktory zdravotnej starostlivosti. Vyššia (nižšia) úroveň sociálno-ekonomického r...
Salvato in:
| Autore principale: | |
|---|---|
| Altri autori: | |
| Natura: | Capitolo di libro |
| Lingua: | inglese |
| Soggetti: | |
| Tags: |
Nessun Tag, puoi essere il primo ad aggiungerne!!
|
MARC
| LEADER | 00000naa a2200000 4500 | ||
|---|---|---|---|
| 001 | 0279321 | ||
| 005 | 20211029080350.1 | ||
| 041 | 0 | |a eng | |
| 044 | |a CZ | ||
| 245 | 1 | 0 | |a Evaluation of Selected Indicators of Health Care in the Context of Health care Systems: Case of 27 European Union Countries |c Renáta Halásková, Pavel Bednář |
| 520 | |a Vybrané ukazovatele zdravotnej starostlivosti v krajinách EÚ s dôrazom na podobnosti a rozdiely medzi krajinami EÚ v kontexte systémov zdravotnej starostlivosti. Výrazné rozdiely medzi krajinami, pokiaľ ide o hodnotené faktory zdravotnej starostlivosti. Vyššia (nižšia) úroveň sociálno-ekonomického rozvoja je aspektom lepších (horších) výsledkov zdravotnej starostlivosti vo väčšine hodnotených krajín. Klastre podobných krajín však podľa hodnotených faktorov zdravotníctva využívali rôzne systémy zdravotnej starostlivosti podľa typu a zdroja financovania. Podobné aj rozdielne prístupy k poskytovaniu zdravotnej starostlivosti a financovaniu systémov zdravotnej starostlivosti v krajinách EÚ. | ||
| 610 | 2 | 0 | |a starostlivosť zdravotná |
| 610 | 2 | 0 | |a Európska únia |
| 610 | 2 | 0 | |a financovanie |
| 610 | 2 | 0 | |a zdravotníctvo |
| 100 | 1 | |a Halásková, Renáta | |
| 700 | 1 | |a Bednář, Pavel | |